000 00978nam a2200229Ia 4500
001 19291
005 20260401155611.0
008 260306t2021||||xx |||||||||||||| ||spa||
041 _aESP
082 _a658.83
_bH16
100 _aHair, Joseph F.
_eAUT
245 0 _aPrincipios de investigación de mercados
260 _c2021
300 _axviii, 428 páginas :
_c25 cm.
650 _aGEN
654 _aCAN
856 _uhttps://itmsp.museknowledge.com/UCSP?url=https://www.ebooks7-24.com:443/?il=16415&pg=1
_zVersión digital
856 _uhttps://0u213uy8e-y-https-ebooks7--24-com.itmsp.museknowledge.com/biblioteca.aspx
_zVéase además: Base de datos Ebook7-24
856 _uhttps://0u20fuy8i-y-https-research-ebsco-com.itmsp.museknowledge.com/c/qxo6us/search
_zVéase además: Base de datos EBSCOhost
856 _uhttps://0u20yuy8q-y-https-www-bibliotechnia-com-mx.itmsp.museknowledge.com/
_zVéase además: Base de datos BiblioTechnia
942 _cLIB
_dJUS
_fJUS
_2ddc
999 _c19291
_d19291